Zgadnij kraj po opisie flagi. Poziom Niemożliwy (#1) - Statystyki

Ogólne statystyki
  • Ten quiz został rozwiązany 15 razy
  • Średni wynik to 6 z 10
Statystyki odpowiedzi
Opis flagi Kraj % Poprawnych
Jest to prostokąt o proporcjach 2:3, złożony z dwóch trójkątów, zielonego i czerwonego, przedzielonych czarnym pasem z żółtym konturem. Na czarnym pasie umieszczone są dwie białe gwiazdy. Saint Kitts i Nevis
90%
Jest to prostokąt o proporcjach 1:2, złożony z dwóch trójkątów, niebieskiego i zielonego, przedzielonych żółtą ukośną linią. W prawym górnym rogu znajduje się pięć białych gwiazd, układających się w literę X. Wyspy Salomona
80%
Flaga jest prostokątem o proporcjach 1:2, wewnątrz którego znajduje się podzielone ukośnie na cztery części pole (o kolorze żółto-zielono-żółto-zielonym), otoczone czarwoną ramką. Na ramce umieszczone zostało sześć żółtych gwiazd. Na środku flagi znajduje się żółta gwiazda w czerwonym kole, a na lewo od niej symbol gałki muszkatołowej. Grenada
60%
Została wybrana w wyniku miejscowego konkursu. Jest to niebieski prostokąt o proporcjach 1:2, przedzielony na dwie części wąskim, żółtym, poziomym paskiem. W dolnym rogu przy drzewcu znajduje się biała dwunastoramienna gwiazda. Nauru
60%
Jest to prostokąt, o proporcjach 1:2, złożony z trzech równych, poziomych pasów, czarnego, czerwonego i zielonego, przedzielonych wąskimi białymi paskami oraz niebieskiego trójkąta położonego przy drzewcu; na środku trójkąta znajduje się żółta gwiazda. Sudan Południowy
60%
Jest to prostokąt o proporcjach 1:2, podzielony na trzy poziome pasy, zielony, żółty i zielony, w stosunku 2:3:2. Przy drzewcu znajduje się czerwony prostokąt, a na żółtym pasie umieszczony zostały dwie czarne, pięcioramienne gwiazdy. Wyspy Świętego Tomasza i Książęca
60%
Jest to prostokąt przedzielony na dwa równe, poziome pasy w kolorach niebieskim i zielonym. Przy drzewcu znajduje się biały trójkąt, a wewnątrz niego czerwona pięcioramienna gwiazda. Proporcje flagi nie są określone. Dżibuti
50%
Jest to zielony prostokąt o proporcjach 1:2; przy drzewcu znajdują się dwa trójkąty: żółty o białym konturze, wewnątrz którego znajduje się czerwony o czarnym konturze. Gujana
50%
Jest to prostokąt o proporcjach 2:3, złożony z czterech równych, poziomych pasów w kolorach żółtym, białym, czerwonym i niebieskim oraz zielonego trójkąta przylegającego do lewego boku, wewnątrz którego znajduje się biały półksiężyc i cztery gwiazdy. Komory
50%
Jest to prostokąt o proporcjach 2:3 podzielony na trzy ukośne pasy: niebieski, czerwony i zielony, przedzielone przez dwa wąskie, białe paski. W kantonie znajduje się żółte słońce. Namibia
50%
Nie znaleziono quizów pasujących do podanych kryteriów
Rozkład punktacji
Procent ludzi z każdym wynikiem
Percentyl według liczby udzielonych odpowiedzi
Twoja historia wyników
Nie rozwiązałeś tego quizu